00445nam a22001572 4500001001100000005001700011008004100028040001500069100003200084245005500116250001300171260004600184300001200230651004200242852000300284000001220220151217155851.0090216s xx 000 0 eng d aKABUcKABU1 aJohnson, Harry.@000015188210aNight and morning in dark Africa /cHarry Johnson. a1st ed. aLondon :bLondon Missionary Society,c[?] a223 p. 0aAfrica, CentralxHistory.@00001684561